000 00478nam a2200181Ia 4500
001 10865
005 20260306161903.0
008 260306t2015||||xx |||||||||||||| ||spa||
041 _aESP
082 _a980
_bG67
100 _aGonzález Bernaldo de Quirós, Pilar
_eAUT
245 0 _aIndependencias iberoamericanas:
_bnuevos problemas y aproximaciones
260 _c2015
300 _a383 páginas :
_c23 cm.
650 _aGEN
654 _aCHU
942 _cLIB
_dJUS
_fJUS
_2ddc
_n
999 _c10865
_d10865